Художественный рынок (Запись № 691090)

Подробности
000 -МАРКЕР
контрольное поле 02015nam0a2200373 4500
001 - ИДЕНТИФИКАТОР ЗАПИСИ
контрольное поле RU\NLR\bibl\729038
005 - ИДЕНТИФИКАТОР ВЕРСИИ
контрольное поле 20260407075106.0
010 ## - МЕЖДУНАРОДНЫЙ СТАНДАРТНЫЙ НОМЕР КНИГИ (ISBN)
Номер (ISBN) 5-7621-0265-3
Тираж 1000
021 ## - НОМЕР ГОСУДАРСТВЕННОЙ РЕГИСТРАЦИИ
Код страны Российская Федерация
Номер 2004-59858
Номер Листа государственной регистраци 2948
035 ## - ДРУГИЕ СИСТЕМНЫЕ НОМЕРА
Идентификатор записи (NLR Aleph) 000719016
100 ## - ДАННЫЕ ОБЩЕЙ ОБРАБОТКИ
Данные общей обработки 20050224d2004 |||y0rusy50 ca
101 0# - ЯЗЫК РЕСУРСА
Язык текста, звукозаписи и т.д. русский
102 ## - СТРАНА ПУБЛИКАЦИИ ИЛИ ПРОИЗВОДСТВА
Страна публикации Российская Федерация
105 ## - ПОЛЕ КОДИРОВАННЫХ ДАННЫХ: ТЕКСТОВЫЕ МАТЕРИАЛЫ, МОНОГРАФИЧЕСКИЕ
Кодированные данные о монографическом текстовом документе y |||||||||
200 1# - ЗАГЛАВИЕ И СВЕДЕНИЯ ОБ ОТВЕТСТВЕННОСТИ
Основное заглавие Художественный рынок
Сведения, относящиеся к заглавию вопросы теории, истории, методологии
Первые сведения об ответственности [А.В. Карпов, доц., канд. культурологии, Т.Е. Шехтер, д.филос.н., проф., С.М. Грачева, к.иск., доц. и др.
Последующие сведения об ответственности Науч. ред.: Т.Е. Шехтер, д.филос.н., проф.]
-- Санкт-Петерб. гуманит. ун-т профсоюзов
210 ## - ПУБЛИКАЦИЯ, РАСПРОСТРАНЕНИЕ И ДР.
Место издания, распространения и т.д. СПб.
Имя издателя, распространителя и т. д. СПбГУП
Дата издания, распространения и т.д. 2004
215 ## - ФИЗИЧЕСКАЯ ХАРАКТЕРИСТИКА
Специфическое обозначение материала и объем 228, [1] с.
Размеры 20
225 1# - СЕРИЯ
Основное заглавие серии Серия "Новое в гуманитарных науках"
Обозначение тома Вып. 13
320 ## - ПРИМЕЧАНИЯ О НАЛИЧИИ В ДОКУМЕНТЕ БИБЛИОГРАФИИ / УКАЗАТЕЛЯ
Текст примечания Библиогр.: с. 225-227 и в подстроч. примеч.
606 0# - НАИМЕНОВАНИЕ ТЕМЫ КАК ПРЕДМЕТ
Наименование темы Произведения искусства
Тематический подзаголовок Торговля
Системный номер авторитетной/нормативной записи 1276249
Идентификатор авторитетной/нормативной записи RU\NLR\auth\66525909
686 ## - ИНДЕКСЫ ДРУГИХ КЛАССИФИКАЦИЙ
Индекс Щ101.1
701 #1 - ИМЯ ЛИЦА - АЛЬТЕРНАТИВНАЯ ОТВЕТСТВЕННОСТЬ
Код отношения Автор
Материалы, к которым относится поле rus
Графика поля Кириллица
Начальный элемент ввода Карпов
Часть имени, кроме начального элемента ввода А. В.
Дополнения к именам, кроме дат канд. культурологии
Расширение инициалов личного имени Александр Владимирович
Идентификатор авторитетной/нормативной записи RU\NLR\auth\7743221
Системный номер авторитетной/нормативной записи 26164
701 #1 - ИМЯ ЛИЦА - АЛЬТЕРНАТИВНАЯ ОТВЕТСТВЕННОСТЬ
Начальный элемент ввода Шехтер
Часть имени, кроме начального элемента ввода Т. Е.
Расширение инициалов личного имени Татьяна Ефимовна
Код отношения Автор
701 #1 - ИМЯ ЛИЦА - АЛЬТЕРНАТИВНАЯ ОТВЕТСТВЕННОСТЬ
Код отношения Автор
Графика поля Кириллица
Материалы, к которым относится поле rus
Начальный элемент ввода Грачева
Часть имени, кроме начального элемента ввода С. М.
Дополнения к именам, кроме дат д-р искусствоведения
Расширение инициалов личного имени Светлана Михайловна
Системный номер авторитетной/нормативной записи 154600
Идентификатор авторитетной/нормативной записи RU\NLR\AUTH\770154638
702 #1 - ИМЯ ЛИЦА - ВТОРИЧНАЯ ОТВЕТСТВЕННОСТЬ
Начальный элемент ввода Шехтер
Часть имени, кроме начального элемента ввода Т. Е.
Расширение инициалов личного имени Татьяна Ефимовна
Код отношения Редактор
712 02 - НАИМЕНОВАНИЕ ОРГАНИЗАЦИИ - ВТОРИЧНАЯ ОТВЕТСТВЕННОСТЬ
Код отношения Прочие
Начальный элемент ввода Санкт-Петербургский гуманитарный университет профсоюзов
Идентификатор авторитетной/нормативной записи RU\NLR\AUTH\884042
Системный номер авторитетной/нормативной записи 279435
801 #0 - ИСТОЧНИК ЗАПИСИ
Страна Российская Федерация
Организация NLR
Дата составления 20050224
Правила каталогизации rcr
801 #1 - ИСТОЧНИК ЗАПИСИ
Страна Российская Федерация
Организация NLR
Дата составления 20050224
830 ## - ОБЩЕЕ ПРИМЕЧАНИЕ, СОСТАВЛЕННОЕ КАТАЛОГИЗАТОРОМ
Текст примечания авт. по кн.
942 ## - ДОПОЛНИТЕЛЬНЫЕ ЭЛЕМЕНТЫ ЗАПИСИ (АБИС)
Тип экземпляра АБИС Книга
980 ## - КОЛЛЕКЦИЯ
Название коллекции Национальная библиография
Экземпляры
Тип экземпляра Дата поступления Источник поступления Стоимость Библиотека постоянного хранения Библиотека текущего хранения Место хранения Шифр хранения Штрих-код Статус экземпляра
Книга 24.02.2005 Покупка 130.00 РНБ (Московский) РНБ (Московский) Русский книжный фонд: издания с 1957 года 2005-3/3435 1-292812  
Книга 24.02.2005 Обязательный экземпляр 0.00 РНБ (Московский) РНБ (Московский) Фонд общего зала литературы по филологии, педагогике и искусству (гуманитарной литературы) Л1 Щ101/Х-981 1-461254  
Книга 18.03.2005 Обязательный экземпляр   РНБ (Московский) РНБ (Московский) Русский книжный фонд: издания с 1957 года 2005-3/3435 1-530608  
Книга 24.02.2005 Покупка 130.00 РНБ (Садовая) РНБ (Садовая) Фонд научного зала литературы и искусства Л2 Щ101/Х-981 1-195921